00341nam a22001337a 4500003000400000020001800004082001800022100002200040245006100062250000900123260003800132300001500170650002200185SGT a9781264285822 a616.024bH22L aLOSCALOZO, JOSEPH aHARRISON'S PRINCIPLES OF INTERNAL MEDICINE 2 VOLUME SET  a21TH aNEW YORKbMC GRAW HILL PUB c2022 a1796, 3855 aGENERAL MEDICINE